Normal view
MARC view
Entry Topical Term
001 - CONTROL NUMBER
- control field: 7387
003 - CONTROL NUMBER IDENTIFIER
- control field: HDC
005 - DATE AND TIME OF LATEST TRANSACTION
- control field: 20230624073244.0
008 - FIXED-LENGTH DATA ELEMENTS
- fixed length control field: 210125|| aca||aabn | a|a d
040 ## - CATALOGING SOURCE
- Original cataloging agency: HDC
- Transcribing agency: HDC
150 ## - HEADING--TOPICAL TERM
- Topical term or geographic name entry element: Food industry
- Geographic subdivision: Denmark
670 ## - SOURCE DATA FOUND
- Source citation: Work cat.: (HDC): Institute for Food Studies & Agro industrial Development author 7386, Food Ingredients: , 2013
